<?xml version="1.0" encoding="UTF-8"?>
<collection xmlns="http://www.loc.gov/MARC21/slim">
 <record>
  <leader>02600caa a2200469   4500</leader>
  <controlfield tag="001">1547849576</controlfield>
  <controlfield tag="003">DE-627</controlfield>
  <controlfield tag="005">20210814021047.0</controlfield>
  <controlfield tag="007">cr cn 008aaaaa</controlfield>
  <controlfield tag="008">161010s2007    xx |||||oo    00| ||ger c</controlfield>
  <datafield tag="024" ind1="7" ind2=" ">
   <subfield code="a">urn:nbn:de:bsz:16-jfk-327672</subfield>
   <subfield code="2">urn</subfield>
  </datafield>
  <datafield tag="024" ind1="7" ind2=" ">
   <subfield code="a">10.11588/jfk.2007.2.32767</subfield>
   <subfield code="2">doi</subfield>
  </datafield>
  <datafield tag="035" ind1=" " ind2=" ">
   <subfield code="a">(DE-627)1547849576</subfield>
  </datafield>
  <datafield tag="035" ind1=" " ind2=" ">
   <subfield code="a">(DE-576)477849571</subfield>
  </datafield>
  <datafield tag="035" ind1=" " ind2=" ">
   <subfield code="a">(DE-599)BSZ477849571</subfield>
  </datafield>
  <datafield tag="035" ind1=" " ind2=" ">
   <subfield code="a">(OCoLC)1263829805</subfield>
  </datafield>
  <datafield tag="040" ind1=" " ind2=" ">
   <subfield code="a">DE-627</subfield>
   <subfield code="b">ger</subfield>
   <subfield code="c">DE-627</subfield>
   <subfield code="e">rda</subfield>
  </datafield>
  <datafield tag="041" ind1=" " ind2=" ">
   <subfield code="a">ger</subfield>
  </datafield>
  <datafield tag="084" ind1=" " ind2=" ">
   <subfield code="a">9,10</subfield>
   <subfield code="2">ssgn</subfield>
  </datafield>
  <datafield tag="100" ind1="1" ind2=" ">
   <subfield code="a">Herzner-Kmentt, Irmlind Luise</subfield>
   <subfield code="e">VerfasserIn</subfield>
   <subfield code="0">(DE-588)122881842</subfield>
   <subfield code="0">(DE-627)082212473</subfield>
   <subfield code="0">(DE-576)184162726</subfield>
   <subfield code="4">aut</subfield>
  </datafield>
  <datafield tag="245" ind1="1" ind2="0">
   <subfield code="a">[Rezension von: Bernd Roeck, Entgegnung zur Besprechung Maler, Mörder und Mäzene - Irmlind Luise Herzner, Erwiderung zur Besprechung Maler, Mörder und Mäzene]</subfield>
   <subfield code="c">Irmlind Luise Herzner, Bernd Roeck</subfield>
  </datafield>
  <datafield tag="264" ind1=" " ind2="0">
   <subfield code="a">Heidelberg</subfield>
   <subfield code="b">arthistoricum.net</subfield>
   <subfield code="c">[2016]</subfield>
  </datafield>
  <datafield tag="336" ind1=" " ind2=" ">
   <subfield code="a">Text</subfield>
   <subfield code="b">txt</subfield>
   <subfield code="2">rdacontent</subfield>
  </datafield>
  <datafield tag="337" ind1=" " ind2=" ">
   <subfield code="a">Computermedien</subfield>
   <subfield code="b">c</subfield>
   <subfield code="2">rdamedia</subfield>
  </datafield>
  <datafield tag="338" ind1=" " ind2=" ">
   <subfield code="a">Online-Ressource</subfield>
   <subfield code="b">cr</subfield>
   <subfield code="2">rdacarrier</subfield>
  </datafield>
  <datafield tag="500" ind1=" " ind2=" ">
   <subfield code="a">Elektronische Reproduktion der Druckausgabe</subfield>
  </datafield>
  <datafield tag="583" ind1="1" ind2=" ">
   <subfield code="a">Archivierung/Langzeitarchivierung gewährleistet</subfield>
   <subfield code="2">pdager</subfield>
   <subfield code="5">DE-16</subfield>
  </datafield>
  <datafield tag="655" ind1=" " ind2="7">
   <subfield code="a">Rezension</subfield>
   <subfield code="0">(DE-588)4049712-4</subfield>
   <subfield code="0">(DE-627)106186019</subfield>
   <subfield code="0">(DE-576)209083166</subfield>
   <subfield code="2">gnd-content</subfield>
  </datafield>
  <datafield tag="700" ind1="1" ind2=" ">
   <subfield code="a">Roeck, Bernd</subfield>
   <subfield code="d">1953-</subfield>
   <subfield code="e">VerfasserIn</subfield>
   <subfield code="0">(DE-588)120854325</subfield>
   <subfield code="0">(DE-627)080928366</subfield>
   <subfield code="0">(DE-576)162758286</subfield>
   <subfield code="4">aut</subfield>
  </datafield>
  <datafield tag="773" ind1="0" ind2="8">
   <subfield code="i">Enthalten in</subfield>
   <subfield code="t">Journal für Kunstgeschichte</subfield>
   <subfield code="d">Regensburg : Schnell und Steiner, 2016</subfield>
   <subfield code="g">11(2007), 2, Seite 181-191</subfield>
   <subfield code="h">Online-Ressource</subfield>
   <subfield code="w">(DE-627)856404578</subfield>
   <subfield code="w">(DE-600)2851742-8</subfield>
   <subfield code="w">(DE-576)467800618</subfield>
   <subfield code="x">2509-2510</subfield>
   <subfield code="7">nnns</subfield>
  </datafield>
  <datafield tag="773" ind1="1" ind2="8">
   <subfield code="g">volume:11</subfield>
   <subfield code="g">year:2007</subfield>
   <subfield code="g">number:2</subfield>
   <subfield code="g">pages:181-191</subfield>
  </datafield>
  <datafield tag="787" ind1="0" ind2="8">
   <subfield code="i">Rezension von</subfield>
   <subfield code="a">Herzner-Kmentt, Irmlind Luise</subfield>
   <subfield code="t">[Rezension von: Bernd Roeck, Mörder, Maler und Mäzene]</subfield>
   <subfield code="d">2007</subfield>
   <subfield code="w">(DE-627)1547706341</subfield>
   <subfield code="w">(DE-576)477706347</subfield>
  </datafield>
  <datafield tag="787" ind1="0" ind2="8">
   <subfield code="i">Rezension von</subfield>
   <subfield code="a">Roeck, Bernd, 1953 - </subfield>
   <subfield code="t">Mörder, Maler und Mäzene</subfield>
   <subfield code="b">3. Aufl.</subfield>
   <subfield code="d">München : Beck, 2007</subfield>
   <subfield code="h">255 S.</subfield>
   <subfield code="w">(DE-627)523427956</subfield>
   <subfield code="w">(DE-576)261709992</subfield>
   <subfield code="z">3406550355</subfield>
   <subfield code="z">9783406550355</subfield>
  </datafield>
  <datafield tag="856" ind1="4" ind2="0">
   <subfield code="u">http://nbn-resolving.de/urn:nbn:de:bsz:16-jfk-327672</subfield>
   <subfield code="x">Verlag</subfield>
   <subfield code="x">Resolving-System</subfield>
   <subfield code="z">kostenfrei</subfield>
   <subfield code="3">Volltext</subfield>
  </datafield>
  <datafield tag="856" ind1="4" ind2="0">
   <subfield code="u">http://dx.doi.org/10.11588/jfk.2007.2.32767</subfield>
   <subfield code="x">Verlag</subfield>
   <subfield code="x">Resolving-System</subfield>
   <subfield code="z">kostenfrei</subfield>
   <subfield code="3">Volltext</subfield>
  </datafield>
  <datafield tag="935" ind1=" " ind2=" ">
   <subfield code="h">SWB</subfield>
   <subfield code="i">ld</subfield>
  </datafield>
  <datafield tag="936" ind1="u" ind2="w">
   <subfield code="d">11</subfield>
   <subfield code="j">2007</subfield>
   <subfield code="e">2</subfield>
   <subfield code="h">181-191</subfield>
  </datafield>
  <datafield tag="951" ind1=" " ind2=" ">
   <subfield code="a">AR</subfield>
  </datafield>
  <datafield tag="994" ind1=" " ind2=" ">
   <subfield code="u">https://journals.ub.uni-heidelberg.de/index.php/jfk/article/view/32767</subfield>
  </datafield>
  <datafield tag="994" ind1=" " ind2=" ">
   <subfield code="u">https://journals.ub.uni-heidelberg.de/index.php/jfk/article/view/32767</subfield>
  </datafield>
  <datafield tag="991" ind1=" " ind2=" ">
   <subfield code="a">Rezension (Monographie, Zeitschrift, Aufsatz)</subfield>
  </datafield>
  <datafield tag="999" ind1=" " ind2=" ">
   <subfield code="a">KXP-PPN1547849576</subfield>
   <subfield code="e">4157465997</subfield>
  </datafield>
 </record>
</collection>
